Pays qui ont atteint la carboneutralité - Statistiques

Statistiques générales
  • Ce quiz a été pris 29 fois
  • Le résultat moyen est 4 sur 7
Statistiques - réponses
Absorption annuelle Pays % Correct
source Guyana
82%
source Suriname
82%
source Bhoutan
71%
source Panama
57%
aucune donnée Comores
54%
source Madagascar
39%
source Gabon
32%
Aucun quiz correspondant
Distribution des résultats
% des personnes avec chaque résultat
Percentile par nombre de réponses
Votre historique - résultats
Vous n’avez pas pris ce quiz